LEADER 01270nam a2200253 i 4500 001 000000246645 003 CaOOAMICUS 005 20231115143639.0 008 151119s1740 it u000 u ita u 026 $ao.me 3024 n-ta alIn (3) 1740 (R) 040 $aSeMil$bita 100 1 $aSovanni, Melchiorre.$0(OLS)http://semarc/name/15114 245 10$aMuta 2. 300 $a[14], 394, [2] p. 500 $aFregio xilogr. sul front. 500 $aBianche le carte pg1 e 3C6v. 500 $aSegn.: pg2 *4 2*2(-ast2) A-3B4 3C6 773 0 $aSovanni, Melchiorre$tAl sacerdote in ritiro. Meditazioni sopra il Vangelo del convito, con gli esami sopra i comandamenti del decalogo, le istruzioni sopra la dignitą sacerdotale ... Aggiuntovi un discorso previo alla meditazione dell'eucaristico sacramento; ed un altro per conclusione del Vangelo, e degli esercizi. Proposte da Melchior Soanni ... Muta 1. [-3.].$dIn Milano : Nella Regia Ducal Corte, per Giuseppe Richino Malatesta stampatore regio camerale, 1740-1748.$g2$w()32829 850 $aSeMil 852 $aSeMil$W1$xVenegono$y1$m3G IV 67 FA$j196991$B196991$CSeMilBibl$Z2$F208006 $8I 941 1 $a10 961 $aRecupero: Mantegazza 996 $6245$aMuta 2$9(OLS)http://semarc/title/348439 LEADER 00997nam a2200241 i 4500 001 000000073960 003 CaOOAMICUS 005 20211122173037.0 008 070327s1966 it u000 u ita u 013 $a45132 040 $aSeMil$bita 100 1 $aSpaziani, Maria Luisa <1924-2014>.$0(OLS)http://semarc/name/36698 245 10$aUtilitą della memoria /$cMaria Luisa Spaziani. 260 $a[Milano] :$bArnoldo Mondadori Editore,$c1966. 300 $a188 p. ;$c20 cm. 650 4$aPoesia italiana - Sec. 20. - Testi.$0(OLS)http://semarc/subject/1280 830 3$aLo specchio. I poeti del nostro tempo.$0(OLS)http://semarc/title/437868 830 3$aLo specchio.$0(OLS)http://semarc/title/7841 850 $aSeMil 852 $aSeMil$W1$xVenegono$y1$m1B II 40$j40112$B40112$CSeMilBibl$Z2$F40116 $81 996 $6245$aUtilitą della memoria$9(OLS)http://semarc/title/119986 996 $6260$a[Milano] :$bArnoldo Mondadori Editore$9(OLS)http://semarc/publisher/29634